/الاستخدام الفعال للبريد الإلكتروني (Record no. 14106)
[ view plain ]
| 000 -الفاتح | |
|---|---|
| حقل البيانات ثابتة الطول | 00683nam a22001577a 4500 |
| 008 - عناصر البيانات ثابتة الطول - معلومات عامة | |
| حقل البيانات ثابتة الطول | 100616s2005 le|||||r|||| 000 0 ara d |
| 020 ## - الرقم الدولى المعيارى للكتب | |
| الرقم الدولى المعيارى للكتاب | 9953338205 |
| 082 ## - رقم تصنيف ديوى العشرى | |
| رقم الطبعة | 22 |
| رقم التصنيف | 004.692 |
| رقم المادة | ب ر ي |
| 245 ## - بيان العنوان | |
| العنوان | /الاستخدام الفعال للبريد الإلكتروني |
| 260 ## - PUBLICATION, DISTRIBUTION, ETC. (IMPRINT) | |
| مكان الناشر او الموزع | بيروت : |
| اسم الناشر او الموزع | مكتبة لبنان ، 2005 |
| تاريخ النشر أو التوزيع | 2005 |
| 300 ## - الوصف المادى | |
| التعداد | 69 ص: |
| تفاصيل ماديه اخرى للوعاء | صور ؛ |
| أبعاد الوعاء | 21 سم |
| 490 ## - بيان السلسلة | |
| -- | 14845 |
| عنوان السلسلة | سلسلة الإدارة المثلى |
| 650 ## - المدخل الاضافى بالموضوع-مصطلح موضوعى | |
| 9 (RLIN) | 14847 |
| مصطلح موضوعي أو اسم جغرافي كعنصر مدخل | البريد الإلكتروني |
| 942 ## - عناصر المدخل الإضافي( كوها) | |
| مصدر التصنيف او مخطط الترفيف | Dewey Decimal Classification |
| Koha [default] item type | Book - Borrowing |
| حالة التراجع | حالة الفقد | مصدر التصنيف او خطة الترفيف | حالة تلف | ليس للاعارة | مجموعات كوها | المكان الدائم | المكان الحالي | موقع الترفيف | تاريخ الاكتساب | Source of acquisition | سعر الشراء الطبيعي | رقم الاستدعاء | الباركود | Date last seen | التكلفة | نوع الوعاء |
|---|---|---|---|---|---|---|---|---|---|---|---|---|---|---|---|---|
| Dewey Decimal Classification | Central Library | Central Library | Lower Floor | 16/06/2010 | Donation | 17.50 | 004.692 ا س ت | 000020405 | 15/07/2025 | 21.88 | Book - Borrowing |